000 00698nam a2200205Ia 4500
005 20260121110333.0
008 008 260114s9999 xx 000 0 hin d
020 _a9788132353119
037 _aEBOOK
040 _aCRL
_bhin
_cCRL
041 _ahin
_2hin
084 _qCRL
100 _aप्रमोद राय / Pramod Rai
_9944933
245 0 _aन्यू-मीडिया एवं सूचना प्रौद्योगिकी / New-Media aur Soochna Prodyogiki
260 _bभाषा प्रकाशन / Bhasha Prakashan
_c2020
856 _uhttps://bhashaprakashan.com/product-details/382372
942 _cEBOOK
999 _c1536597
_d1536597